| Tag |
First Indicator |
Second Indicator |
Subfields |
| LEADER |
00000cam a2200000Mi 4500 |
| 001 |
in00004417708 |
| 005 |
20210728155157.0 |
| 008 |
200525t20212021dcua b 001 0 eng d |
| 010 |
|
|
|a 2021932506
|
| 020 |
|
|
|a 0815738331
|q (paperback)
|
| 020 |
|
|
|a 9780815738336
|q (paperback)
|
| 020 |
|
|
|z 9780815738343
|q (ebook)
|
| 035 |
|
|
|a (OCoLC)on1155327972
|
| 040 |
|
|
|a YDX
|e rda
|c YDX
|d BDX
|d BUF
|d YDX
|d RSM
|d UtOrBLW
|
| 043 |
|
|
|a a-ch---
|a a-cc---
|
| 049 |
|
|
|a TXAM
|
| 050 |
|
4 |
|a DS799.63.C6
|b B85 2021
|
| 082 |
0 |
|
|a 327.51249051
|2 23
|
| 100 |
1 |
|
|a Bush, Richard C.,
|d 1947-
|e author.
|0 http://id.loc.gov/authorities/names/n83020746
|
| 245 |
1 |
0 |
|a Difficult choices :
|b Taiwan's quest for security and the good life /
|c Richard C. Bush.
|
| 264 |
|
1 |
|a Washington, D.C. :
|b Brookings Institution Press,
|c [2021]
|
| 264 |
|
4 |
|c ©2021
|
| 300 |
|
|
|a xvii, 409 pages :
|b illustrations ;
|c 23 cm.
|
| 336 |
|
|
|a text
|b txt
|2 rdacontent
|
| 337 |
|
|
|a unmediated
|b n
|2 rdamedia
|
| 338 |
|
|
|a volume
|b nc
|2 rdacarrier
|
| 504 |
|
|
|a Includes bibliographical references and index.
|
| 505 |
0 |
|
|a Front Cover -- Title Page -- Copyright Information -- Table of Contents -- Acknowledgments -- Notes on Terminology -- Introduction -- Popular Attitudes in Taiwan: A Preliminary Baseline -- Taiwan's Government Budget -- Taiwan's Economy -- Taiwan's Energy Policy -- The Politics of Taiwan's Past -- Beijing's Taiwan Ambition -- Taiwan's Search for Security -- Taiwan's Military Defense -- Taiwan's Political Defense: National Identity -- Taiwan's Political Defense: The State -- The PRC's Asymmetric Offense -- Taiwan's Democratic System -- United States Policy -- What to Do? -- Notes -- Index.
|
| 520 |
|
|
|a Taiwan remains heavily dependent on the United States for its security, but it must use its own resources to cope with Beijing's constant intimidation and pressure. How Taiwan responds to the internal and external challenges it faces and what the United States and other outside powers do to help will determine whether it is able to stand its ground against China's ambitions. The author explores the broad range of issues and policy choices Taiwan confronts and offers suggestions both for what Taiwan can do to help itself and what the United States should do to improve Taiwan's chances of success.
|
| 651 |
|
0 |
|a Taiwan
|x Foreign relations
|z China.
|0 http://id.loc.gov/authorities/subjects/sh2008117223
|
| 651 |
|
0 |
|a China
|x Foreign relations
|z Taiwan.
|0 http://id.loc.gov/authorities/subjects/sh2008114684
|
| 650 |
|
0 |
|a National security
|z Taiwan.
|0 http://id.loc.gov/authorities/subjects/sh2010103232
|
| 945 |
|
|
|b 876074
|
| 947 |
|
|
|a A14851620436
|
| 948 |
|
|
|a cataloged
|b h
|c 2021/6/1
|d c
|e dmitchel
|f 2:30:20 pm
|
| 994 |
|
|
|a C0
|b TXA
|
| 999 |
f |
f |
|s d65aba49-6065-3fb9-b617-0e0a33cb6641
|i a28644d1-5d15-343c-8d71-d0217b0b4e5a
|t 0
|
| 952 |
f |
f |
|p normal
|a Texas A&M University
|b College Station
|c Sterling C. Evans Library
|d Evans: Library Stacks
|t 0
|e DS799.63.C6 B85 2021
|h Library of Congress classification
|i unmediated -- volume
|m A14851620436
|
| 998 |
f |
f |
|a DS799.63.C6 B85 2021
|t 0
|l Evans: Library Stacks
|